Biochemical factors influencing latex flow during stress, tapping frequency and stimulation in Hevea brasiliensis (Record no. 74624)

MARC details
000 -LEADER
fixed length control field 00427nam a2200133Ia 4500
100 ## - MAIN ENTRY--AUTHOR NAME
Personal name Sreelatha, S.
245 #0 - TITLE STATEMENT
Title Biochemical factors influencing latex flow during stress, tapping frequency and stimulation in Hevea brasiliensis
260 ## - PUBLICATION, DISTRIBUTION, ETC. (IMPRINT)
Name of publisher Mahatma Gandhi University
Place of publication Kottayam
Year of publication 2005
300 ## - PHYSICAL DESCRIPTION
Number of Pages 204
500 ## - GENERAL NOTE
General note Course: Ph.D
700 ## - ADDED ENTRY--PERSONAL NAME
Personal name Dr S Shashidhar
942 ## - ADDED ENTRY ELEMENTS (KOHA)
Koha item type Theses
Holdings
Withdrawn status Lost status Damaged status Not for loan Collection code Home library Current library Shelving location Date acquired Koha item type
      Theses Thesis RRII Library RRII Library Crop physiology 31/12/2021 Theses